Examination paper and markscheme pack : (Record no. 109529)
[ view plain ]
| 000 -LEADER | |
|---|---|
| fixed length control field | 00389nam a2200133 a 4500 |
| 005 - DATE AND TIME OF LATEST TRANSACTION | |
| control field | 20140414093845.0 |
| 008 - FIXED-LENGTH DATA ELEMENTS--GENERAL INFORMATION | |
| fixed length control field | 091005s19uu xx 00 eng d |
| 050 ## - LIBRARY OF CONGRESS CALL NUMBER | |
| Classification number | CDR 370.1 |
| Item number | EXA-nov 2004 |
| 245 ## - TITLE STATEMENT | |
| Title | Examination paper and markscheme pack : |
| Remainder of title | November 2004 examination session. |
| 650 ## - SUBJECT ADDED ENTRY--TOPICAL TERM | |
| Topical term or geographic name as entry element | Examinations. |
| 650 ## - SUBJECT ADDED ENTRY--TOPICAL TERM | |
| Topical term or geographic name as entry element | International Baccalaureate. |
| 942 ## - ADDED ENTRY ELEMENTS (KOHA) | |
| Koha item type | Audio Visual Materials |
| Withdrawn status | Lost status | Source of classification or shelving scheme | Damaged status | Home library | Current library | Shelving location | Date acquired | Source of acquisition | Cost, normal purchase price | Total Checkouts | Full call number | Barcode | Date last seen | Price effective from | Koha item type | Public note |
|---|---|---|---|---|---|---|---|---|---|---|---|---|---|---|---|---|
| Withdrawn | Library of Congress Classification | Luxembourg Library | Luxembourg Library | Audio Visual Material Section | 10/05/2009 | Donation | 79.00 | CDR 370.1 EXA-nov 2004 | AV1179 | 12/12/2019 | 04/14/2014 | Audio Visual Materials | On Loan by Dr. Richard Hartman (AY 2010-2011) |